Score 0/19 Timer 04:00
0 Plays Today
% Correct
Jackson
97.1%
Olsen
96.5%
Baldwin
96%
Marx
91.5%
Osmond
91.4%
Wright
91%
Kennedy
91%
DiMaggio
89.2%
Manning
89%
Jonas
88.8%
% Correct
Brontë
87.1%
Earp
80.5%
Gibb
76.8%
Borgia
75.9%
Molina
71.5%
Andrews
54.7%
Rothschild
51.7%
Allen
46.5%
Sitwell
33.6%
Remove Ads.
Support Sporcle.
Get the best of Sporcle when you Go Orange. This ad-free experience offers more features, more stats, and more fun while also helping to support Sporcle. Thank you for becoming a member.

You're not logged in!

Compare scores with friends on all Sporcle quizzes.
OR
Log In

Show Comments

Extras

Top Quizzes Today


Score Distribution

Your Account Isn't Verified!

In order to create a playlist on Sporcle, you need to verify the email address you used during registration. Go to your Sporcle Settings to finish the process.

Report this User

Report this user for behavior that violates our Community Guidelines.

Details: